Tình yêu không có tuổi

Na minha lista:
Detalhes bibliográficos
Autor Corporativo: Nhóm SMEE tuyển chọn
Outros Autores: Vũ, Phạm Phương Hằng (tuyển chọn)
Formato: Livro
Idioma:Vietnamese
Publicado em: TP. Hồ Chí Minh Trẻ 2006
Edição:Tái bản lần thứ 1
Colecção:Tình yêu & cuộc sống
Assuntos:
Tags: Adicionar Tag
Sem tags, seja o primeiro a adicionar uma tag!
Thư viện lưu trữ: Trung tâm Học liệu Lê Vũ Hùng, Trường Đại học Đồng Tháp
LEADER 00899aam a22002538a 4500
001 00028724
005 20171026081023.0
008 120403s2006 ||||||viesd
020 |c 23000 
041 0 # |a vie 
082 1 4 |a 808.83  |b T312Y 
245 0 0 |a Tình yêu không có tuổi  |c Nhóm SMEE, Vũ Phạm Phương Hằng tuyển chọn 
250 # # |a Tái bản lần thứ 1 
260 # # |a TP. Hồ Chí Minh  |b Trẻ  |c 2006 
300 # # |a 149tr.  |c 19cm. 
490 # # |a Tình yêu & cuộc sống 
650 # 4 |a Văn học hiện đại  |x Truyện ngắn  |z Thế giới 
700 1 # |a Vũ, Phạm Phương Hằng  |e tuyển chọn 
710 2 # |a Nhóm SMEE  |b tuyển chọn 
852 # # |b Kho đọc  |j KD.0013083 
852 # # |j KD.0013083 
910 |d 03/04/2012 
980 # # |a Trung tâm Học liệu Lê Vũ Hùng, Trường Đại học Đồng Tháp